| 000 | 01034nam a2200301 i 4500 | ||
|---|---|---|---|
| 003 | OSt | ||
| 005 | 20210510104229.0 | ||
| 008 | 210505s2020 nyu e 001 0 eng d | ||
| 020 |
_a9781138675131 _cRM702.00 _qhardback |
||
| 040 |
_aPPAK _beng _cPPAK _erda |
||
| 082 | 0 | 4 |
_223 _a701.03 |
| 090 | 0 | 0 |
_a701.03 _bSHA _dR |
| 100 | 1 |
_aShand, Rory, _eauthor. |
|
| 245 | 1 | 0 |
_aThe Creative Arts in Governance of Urban Renewal and Development / _cRory Shand |
| 264 | 1 |
_aNew York : _bRoutledge, Taylor & Francis Group, _c2020 |
|
| 300 |
_a169 pages : _c24 cm |
||
| 336 |
_2rdacontent _atext |
||
| 337 |
_2rdamedia _aunmediated |
||
| 338 |
_2rdacarrier _avolume |
||
| 490 | 1 | _aRoutledge Explorations in Environmental Studies | |
| 504 | _aIncludes bibliographical references and index. | ||
| 650 | 1 | 0 |
_aArtists and community _vEconomic aspects. |
| 650 | 2 | 0 |
_aArts _vEconomic aspects. |
| 650 | 2 | 0 |
_aArts and state _vEconomic aspects. |
| 650 | 2 | 0 | _aUrban renewal |
| 830 | 0 | _aRoutledge explorations in environmental studies | |
| 942 |
_2ddc _cB |
||
| 999 |
_c183831 _d183831 |
||